000 00339nam a22001457a 4500
008 210310b ||||| |||| 00| 0 eng d
020 _a9780974930428
041 _aeng
080 _a004
082 _a004
100 _a36
101 _aSHKI
245 _aTotal Workday Control Using Microsoft Outlook
_cLinenberger,M
942 _2udc
_cBK
999 _c56259
_d56259